000 00670nam a2200217 u 4500
005 20210223132523.0
008 150119s2006 r 000 0 eng d
020 _a9870006485 (10 dígitos)
020 _a9789870006480 (13 dígitos)
035 _aUPN01000201271
049 _aI
050 4 _aSF542.5
_bG4.9
100 1 _aGentile, Georgina
_936756
245 1 0 _aYo, el rey de la seda /
_cGeorgina Gentile, Inge Thiel ; il de Claudia Ramos.
260 _aMéxico :
_bLumen,
_c2006.
300 _a23 p. :
_bil.
440 3 _aUn despertar a la ciencia
650 4 _aGUSANOS DE SEDA -
_vLITERATURA JUVENIL
_923730
650 4 _aSERICULTURA
_923729
905 _aInfantil
999 _c173372
_d173372